000
00222 a2200097 4500
001
13992
100
_a
Turgenev I
245
_a
A month in the country
260
_a
London
_b
William heinemann ltd
_c
090
_c
10954
_d
10954
942
_a
NUST-CAE
_c
M
_c
1063
999
_c
249065
_d
249065